000 00280nam a2200109Ia 4500
008 221009s9999 xx 000 0 und d
082 _a658/SIN
100 _aSingh surender Kaur Rajeev
_966841
245 0 _aFundamentals of Financial Management
260 _bBook Bank
942 _cBK
999 _c64899
_d64899